书目信息 |
| 书名: | Exemplar of liberty | |
| 作者: | by Donald A. Grinde, Jr., and Bruce E. Johansen ; original artwork by John Kahionhes Fadden ; foreword by Vine Deloria, Jr. | |
| 分册号: | ||
| 分册名: | 出版地: | Los Angeles, Calif. : |
|
| 出版社: | American Indian Studies Center, University of California, Los Angeles | |
| 出版时间: | c1991. | |
| 页数: | xxv, 320 p. : | |
| 开本: | 23 cm. | |
| 丛书名: | Native American politics series | |
| 中图分类号: | ||
| 科图分类号: | ||
| 其他分类号: | D771.2 | |
| 主题词: | ||
| 电子资源: | ||
| 000 | 01544cam a2200349 a 450 | |
| 001 | E0760903143 | |
| 005 | 20070429165713.93 | |
| 008 | 910613s1991 caua b s001 0 eng | |
| 010 | @a91073268 | |
| 020 | @a0935626352. | |
| 035 | @A(DLC) 91073268 | |
| 040 | @aDLC@cDLC@dDLC | |
| 043 | @an-us---@ae------ | |
| 050 | 00 | @aE98.T77@bG75 1991 |
| 090 | @aD771.2 | |
| 099 | @dD771.2@ex65 | |
| 100 | 1 | @aGrinde, Donald A.,@d1946- |
| 245 | 10 | @aExemplar of liberty :@bnative America and the evolution of democracy / @cby Donald A. Grinde, Jr., and Bruce E. Johansen ; original artwork by John Kahionhes Fadden ; foreword by Vine Deloria, Jr. |
| 260 | @aLos Angeles, Calif. :@bAmerican Indian Studies Center, University of California, Los Angeles,@cc1991. | |
| 300 | @axxv, 320 p. :@bill. ;@c23 cm. | |
| 440 | 0 | @aNative American politics series ;@vno. 3 |
| 504 | @aIncludes bibliographical references (p. [251]-310) and index. | |
| 650 | 0 | @aPublic opinion@zEurope. |
| 650 | 0 | @aIndians of North America@xPolitics and government. |
| 650 | 0 | @aIndians of North America@xPublic opinion. |
| 651 | 0 | @aUnited States@xPolitics and government@yTo 1775. |
| 651 | 0 | @aUnited States@xPolitics and government@y1775-1783. |
| 700 | 1 | @aJohansen, Bruce E.@q(Bruce Elliott),@d1950- |
| 906 | @a7@bcbc@corignew@d2@eopcn@f19@gy-gencatlg | |
| 922 | @aad | |
| 955 | @apn06 06-13-91; by34 to bd00 12-07-91; bd59/bd01 to SCD 01-21-92;fh07 01-22-92; fm31 05-21-92 | |
| 991 | @bc-GenColl@hE98.T77@iG75 1991@p00017887968@tCopy 1@wBOOKS | |
| Exemplar of liberty : : native America and the evolution of democracy / / by Donald A. Grinde, Jr., and Bruce E. Johansen ; original artwork by John Kahionhes Fadden ; foreword by Vine Deloria, Jr.-Los Angeles, Calif. : : American Indian Studies Center, University of California, Los Angeles, , c1991. |
| xxv, 320 p. : : ill. ; ; 23 cm.- (Native American politics series ; no. 3 ) |
| Includes bibliographical references (p. [251]-310) and index. |
| ISBN 0935626352. |
| ● |
| 相关链接 |
|
|
|
|
正题名:Exemplar of liberty
索取号:D771.2/x65
 
预约/预借
| 序号 | 登录号 | 条形码 | 馆藏地/架位号 | 状态 | 备注 |
| 1 | 6118 | 300061180 | 第二样本阅览室/ [索取号:D771.2/x65] | 在馆 |